000 00759nam a2200217 a 4500
001 000038868
005 20240510073820.0
008 130430s2012 dr ac 000 0 spa d
040 _aDO-SdBNP
_bspa
_cBNPHU
082 _a248.8
_bV145d
100 1 _aValdez, Manuel,
_d1965-
_911238
245 1 0 _aDe la religión al reino /
_cManuel Valdez.
260 _aSanto Domingo :
_bMBC Publicaciones,
_c2012.
300 _a333 p. :
_bils., retrs. ;
_c24 cm.
500 _aLa biblioteca posee 3 ejemplares autografiados por el autor.
500 _aIncluye datos biográficos del autor en la solapa de la cubierta.
590 _aInventariado, 2018/ YL
650 4 _aEvangelización
_9476
650 0 _aVida cristiana
_9668
910 _aValidado. Control de calidad EMS.
999 _c38358
_d38358